Analýza spotreby domácnosti v Slovenskej republike bakalárska práca

Saved in:
Bibliographic Details
Main Author: Hricišínová, Miroslava
Corporate Author: Národohospodárska fakulta EU. Katedra hospodárskej politiky
Other Authors: Pobudová, Daniela, 1982-
Format: Book
Language:Slovak
Published: Bratislava 2019
Tags: Add Tag
No Tags, Be the first to tag this record!

MARC

LEADER 00000nbm a2200000 4500
001 0256596
005 20191218092214.5
041 0 |a slo 
044 |a SK 
245 1 0 |a Analýza spotreby domácnosti v Slovenskej republike  |b bakalárska práca  |c Miroslava Hricišínová ; školiteľ: Daniela Pobudová 
264 1 |a Bratislava  |c 2019 
300 |a 52 s. 
100 1 |a Hricišínová, Miroslava 
700 1 |a Pobudová, Daniela, 1982- 
710 2 |a Národohospodárska fakulta EU. Katedra hospodárskej politiky